00399nam a22001457a 4500003000400000005001700004008004100021020001800062040000900080082002100089100001800110245006700128260004900195300000900244OSt20210310151209.0210310b ||||| |||| 00| 0 eng d a9780198077428 coclc a338.10954bHAB/A aHabib, Irfan  aThe Agrarian System Of Mughal India 1556 - 1707 /cIrfan Habib aNew Delhi:bOxford University Press, c2000. a548p